| 000 | 00314nam a22001217a 4500 | ||
|---|---|---|---|
| 008 | 230627b xxu||||| |||| 00| 0 eng d | ||
| 020 | _a925102362X | ||
| 082 |
_a338.180 _bFAO 1987 |
||
| 245 |
_aAgricultural Price Policies _bIssues and Proposals |
||
| 260 |
_aRome _bFAO _c1987 |
||
| 300 | _aXII,211p | ||
| 942 |
_2ddc _cBK |
||
| 999 |
_c2911 _d2911 |
||